|
|
|
|
| LEADER |
01381nam a22002897a 4500 |
| 001 |
34058 |
| 003 |
BD-DhAAL |
| 005 |
20240429161929.0 |
| 008 |
181219t2011 bg a|||| |||| 00| 0 ben d |
| 020 |
|
|
|a 9847000800211
|
| 040 |
|
|
|a BD-DhAAL
|d BD-DhAAL
|
| 041 |
|
|
|a ben
|
| 082 |
|
|
|2 22
|a 954.9205
|
| 245 |
|
|
|a স্বাধীনতা,
|n চতু্র্থ খন্ড /
|c সম্পাদক কামরুল হাসান ভূঁইয়া.
|
| 246 |
|
|
|a Shadhinata ( volume-4 )
|
| 260 |
|
|
|a ঢাকা :
|b সেন্টার ফর বাংলাদেশ লিবারেশন ওয়ার স্টাডিজ,
|c ২০১২.
|
| 300 |
|
|
|a ১১২ পৃষ্ঠা :
|b চিত্র ;
|c ২২ সে.মি.
|
| 362 |
|
|
|a Vol. 4.
|
| 526 |
|
|
|a AAL
|
| 541 |
|
|
|a Development Book Agency
|e 34058
|
| 651 |
|
|
|a Bangladesh
|x History
|y Revolution, 1971.
|9 29181
|
| 651 |
|
|
|a বাংলাদেশ
|x ইতিহাস
|y মুক্তিযুদ্ধ, ১৯৭১.
|9 29182
|
| 700 |
|
|
|a ভূঁইয়া, কামরুল হাসান
|9 29183
|
| 852 |
|
|
|a Ayesha Abed Library
|c Bangabandhu Corner
|
| 942 |
|
|
|2 ddc
|c BK
|
| 999 |
|
|
|c 40366
|d 40366
|
| 952 |
|
|
|0 0
|1 0
|2 ddc
|4 0
|6 954_920500000000000_SHA
|7 0
|9 64831
|a BRACUL
|b BRACUL
|c BNC
|d 2018-12-18
|e Development Book Agency
|g 127.50
|l 0
|o 954.9205 SHA
|p 3010034058
|r 2018-12-18
|t 1
|v 150.00
|w 2018-12-18
|y BK
|